000 00308nam a22001217a 4500
008 181025b xxu||||| |||| 00| 0 eng d
041 _aeng
080 _a321
100 _a23
101 _aPOL
245 _aThe Power On Nations The PoliticAL Of International Relations
_cKnorr.K
942 _2udc
_cBK
999 _c50933
_d50933